Statistiques concernant Géographie européenne par lettre - V

Cliquez ici pour prendre le quiz!

Statistiques générales

  • Ce quiz a été pris 699 fois
  • Le résultat moyen est 13 sur 20

Statistiques - réponses

indiceréponse% Correct
Le pays du papeVatican
99%
Cité italienne des canauxVenise
98%
Résidence du roi Louis XIVVersailles
95%
Volcan qui a détruit PompéiVésuve
94%
Sigmund Freud a vécu et travaillé iciVienne
93%
Capitale de la LituanieVilnius
92%
Troisième plus grande ville d'EspagneValence
83%
Capitale du LiechtensteinVaduz
78%
Le plus long fleuve d'EuropeVolga
78%
Avignon est la préfecture de ce départementVaucluse
76%
Capitale de Vichy France 1940-1944Vichy
73%
Où vivait Roméo et JulietteVérone
71%
Préfecture du MorbihanVannes
67%
Cité italienne des canaux, en italienVenezia
61%
Ville anciennement appelée StalingradVolgograd
51%
Terme pour une maison de campagne italiennevilla
45%
Capitale du Castille-et-LeónValladolid
35%
Le plus long fleuve de PologneVistule
24%
Station balnéaire bulgare sur la mer NoireVarna
17%
La plus grande ville de l'île de GotlandVisby
8%

Distribution des résultats

Percentile par nombre de réponses

% des personnes avec chaque résultat

Votre développement - résultats

Vous n’avez pas pris ce quiz